• 首页
  • 本馆介绍
  • 公告通知
  • 最新文献
  • 馆藏检索
  • 电子资源
  • 读者导购
  • 参考咨询
  • 我的图书馆
  • 登录
  • 详细信息显示
  • 放入我的书架
  • 预约/预借图书
  • 作者相关作品
  • 分类相关作品
  • 丛书相关作品
  • 出版社相关作品

书目信息

  • 表格格式
  • 工作单格式
  • 卡片格式
题名:
体操
    
 
作者: 钟利 , 欧国强 主编
分册:  
出版信息: 北京   科学出版社  2022.08
页数: 184页
开本: 26cm
丛书名:
单 册:
中图分类: G83
科图分类:
主题词: 体操--ti cao
电子资源:
ISBN: 978-7-03-054656-2
000 00914nam0 2200265 450
001 012001000326
005 20140131132852.0
010    @a978-7-03-054656-2@dCNY36.00
099    @aCAL 012018004385
100    @a20220905d2017 em y0chiy50 ea
101 0  @achi
102    @aCN@b110000
105    @aak a 000yy
106    @ar
200 1  @a体操@Ati cao@f钟利, 欧国强主编
210    @a北京@c科学出版社@d2022.08
215    @a184页@c图@d26cm
320    @a有书目
330    @a本书分三篇, 共10章, 包括基础理论篇 (体操基础理论概述、体操发展简史、体操比赛的组织与欣赏) 、实践练习篇 (队列队形练习、徒手体操练习、轻器械体操练习、器械体操练习、体操身体素质练习) 和组织教学篇 (体操课的组织与教学、体操教学中的保护与帮助) 。
606 0  @a体操@Ati cao
690    @aG83@v5
701  0 @a钟利@Azhong li@4主编
701  0 @a欧国强@Aou guo qiang@4主编
801  0 @aCN@bAHXH@c20221111
905    @b1364216-20@dG83@e251@f5
    
    体操/钟利, 欧国强主编.-北京:科学出版社,2022.08
    184页:图;26cm
    
    
    ISBN 978-7-03-054656-2:CNY36.00
    本书分三篇, 共10章, 包括基础理论篇 (体操基础理论概述、体操发展简史、体操比赛的组织与欣赏) 、实践练习篇 (队列队形练习、徒手体操练习、轻器械体操练习、器械体操练习、体操身体素质练习) 和组织教学篇 (体操课的组织与教学、体操教学中的保护与帮助) 。
●
相关链接 在E读中查询图书 在五车中查询图书 在当当中查询图书 在豆瓣中查询图书


正题名:体操     索取号:G83/251         预约/预借

序号 登录号 条形码 馆藏地/架位号 状态 备注
1 1364216   213642165   第一样本阅览室/ [索取号:G83/251] 在馆    
2 1364217   213642174   教育系资料室/ [索取号:G83/251] 在馆    
3 1364218   213642183   教育系资料室/ [索取号:G83/251] 在馆    
4 1364219   213642192   第四借阅区/ [索取号:G83/251] 在馆    
5 1364220   213642209   第四借阅区/ [索取号:G83/251] 在馆    
唐山师范学院图书馆 欢迎您!
大连网信软件有限公司© 版权所有